[Správne právo hmotné]

Recenzia na publikáciu prof. JUDr. Petra Škultétyho a JUDr. Rastislava Kaššáka s názvom Správne právo hmotné, všeobecná časť.

Gespeichert in:
Bibliographische Detailangaben
1. Verfasser: Horvat, Matej
Format: Buchkapitel
Sprache:Englisch
Schlagworte:
Tags: Tag hinzufügen
Keine Tags, Fügen Sie das erste Tag hinzu!

MARC

LEADER 00000naa a2200000 4500
001 0208339
005 20240502083521.0
041 0 |a eng 
044 |a GR 
245 1 0 |a [Správne právo hmotné]  |c Matej Horvát 
520 |a Recenzia na publikáciu prof. JUDr. Petra Škultétyho a JUDr. Rastislava Kaššáka s názvom Správne právo hmotné, všeobecná časť. 
610 2 0 |a recenzie 
610 2 0 |a právo správne 
100 1 |a Horvat, Matej